000 01048nam a22002652a 4500
999 _c10002
_d10002
001 10002
003 BD - JhCC
005 20180404105531.0
008 180404s1980 enkac 000 0 eng d
020 _a0140047654 (pbk)
035 _aOCLC ocm16482794 from D950925M
_a(BD - JhCC)10002
040 _aUKM
_cUKM
_dEQO
_dBD - JhCC
041 _aeng
050 0 _aGV721.8
082 _a796.4/8/09
_218
_bGUI 1980
245 0 4 _aThe Guinness book of Olympic records :
_bcomplete roll of Olympic medal winners (1896-1976, including 1906) for the 28 sports (7 winter and 21 summer) to be contested in the 1980 celebrations and other useful information /
_cedited by Norris D. McWhirter and the late A. Ross McWhirter ; associate editor Stan Greenberg
260 _aHarmondsworth :
_bPenguin,
_c1980.
300 _ax, 278 p. :
_bill., ports. ;
_c18 cm
650 0 _aOlympics
_xRecords
700 1 _aMcWhirter, Norris,
_d1925-2004.
700 1 _aMcWhirter, Ross,
_d1925-1975.
700 1 _aGreenberg, Stan,
_d1931-
942 _2ddc
_cREF